[Event "Peace Tournament 2019"]
[Site "Zagreb"]
[Date "2019.11.19"]
[Round "1.1"]
[White "Kozul, Zdenko"]
[Black "Bosiocic, Marin"]
[Result "1-0"]
[WhiteElo "2593"]
[BlackElo "2598"]
[Annotator "ChessBase"]
[PlyCount "47"]
[EventDate "2019.11.18"]
[EventCountry "CRO"]
[SourceTitle "playchess.com"]
[Source "ChessBase"]
[SourceQuality "1"]
[TimeControl "40/5400+30:1800+30"]

1. Nf3 {[%emt 0:00:30]} d5 {[%emt 0:00:30]} 2. c4 {[%emt 0:00:30]} d4 {[%emt 0:00:00]} 3. b4 {[%emt 0:01:30]} Bg4 {[%emt 0:00:00]} 4. g3 {[%emt 0:00:30]} Bxf3 {[%emt 0:01:30]} 5. exf3 {[%emt 0:00:30]} e5 {[%emt 0:00:00]} 6. Bg2 {[%emt 0:00:30]} Bxb4 {[%emt 0:06:00]} 7. Qa4+ {[%emt 0:03:30]} Nc6 {[%emt 0:00:00]} 8. f4 {[%emt 0:00:30]} e4 {[%emt 0:03:00]} 9. Bxe4 {[%emt 0:05:30]} Qe7 {[%emt 0:01:30]} 10. Kd1 {[%emt 0:00:30]} Kf8 {[%emt 0:05:30]} 11. Bxc6 {[%emt 0:24:30]} bxc6 {[%emt 0:01:30]} 12. Re1 {[%emt 0:00:30]} Qd6 {[%emt 0:00:30]} 13. a3 {[%emt 0:02:30]} Bc5 {[%emt 0:00:30]} 14. d3 {[%emt 0:00:00]} Nf6 {[%emt 0:13:30]} 15. Nd2 {[%emt 0:01:00]} Re8 {[%emt 0:03:30]} 16. Rxe8+ {[%emt 0:00:30]} Kxe8 {[%emt 0:00:30]} 17. Nb3 {[%emt 0:02:30]} Ng4 {[%emt 0:13:30]} 18. Ra2 {[%emt 0:01:30]} Bb6 {[%emt 0:04:30]} 19. f5 {[%emt 0:11:30]} Ne5 {[%emt 0:08:30]} 20. Bf4 {[%emt 0:00:30]} Kd7 {[%emt 0:03:30]} 21. c5 {[%emt 0:02:30]} Bxc5 {[%emt 0:01:30]} 22. Qa5 {[%emt 0:03:30]} Qd5 {[%emt 0:00:30]} 23. Nxc5+ {[%emt 0:00:30]} Kc8 {[%emt 0:00:30]} 24. Bxe5 {[%emt 0:00:00]} 1-0

[Event "Peace Tournament 2019"]
[Site "Zagreb"]
[Date "2019.11.19"]
[Round "1.2"]
[White "Zelcic, Robert"]
[Black "Nisipeanu, Liviu-Dieter"]
[Result "1-0"]
[WhiteElo "2526"]
[BlackElo "2656"]
[Annotator "ChessBase"]
[PlyCount "101"]
[EventDate "2019.11.18"]
[EventCountry "CRO"]
[SourceTitle "playchess.com"]
[Source "ChessBase"]
[SourceQuality "1"]
[TimeControl "40/5400+30:1800+30"]

1. e4 {[%emt 0:00:30]} e6 {[%emt 0:00:30]} 2. d4 {[%emt 0:00:00]} d5 {[%emt 0:00:00]} 3. Nc3 {[%emt 0:00:00]} Bb4 {[%emt 0:00:00]} 4. e5 {[%emt 0:00:00]} c5 {[%emt 0:00:30]} 5. a3 {[%emt 0:00:00]} Bxc3+ {[%emt 0:00:00]} 6. bxc3 {[%emt 0:00:00]} Ne7 {[%emt 0:00:00]} 7. Qg4 {[%emt 0:00:00]} O-O {[%emt 0:00:30]} 8. Bd3 {[%emt 0:00:00]} f5 {[%emt 0:00:30]} 9. exf6 {[%emt 0:00:00]} Rxf6 {[%emt 0:00:00]} 10. Qh5 {[%emt 0:00:30]} h6 {[%emt 0:02:00]} 11. Nf3 {[%emt 0:06:30]} Nbc6 {[%emt 0:10:30]} 12. O-O {[%emt 0:00:30]} c4 {[%emt 0:14:30]} 13. Be2 {[%emt 0:00:30]} Qa5 {[%emt 0:04:30]} 14. Bd2 {[%emt 0:06:30]} Bd7 {[%emt 0:01:30]} 15. Ne5 {[%emt 0:00:30]} Nxe5 {[%emt 0:05:30]} 16. Qxe5 {[%emt 0:02:30]} Nc6 {[%emt 0:12:30]} 17. Qe3 {[%emt 0:02:30]} Be8 {[%emt 0:02:30]} 18. Bg4 {[%emt 0:01:30]} Bg6 {[%emt 0:01:30]} 19. Bxe6+ {[%emt 0:03:30]} Kh7 {[%emt 0:01:30]} 20. Bd7 {[%emt 0:05:30]} Bxc2 {[%emt 0:04:30]} 21. Rfe1 {[%emt 0:00:30]} Raf8 {[%emt 0:05:30]} 22. f3 {[%emt 0:02:30]} Qc7 {[%emt 0:02:30]} 23. Bxc6 {[%emt 0:01:30]} bxc6 {[%emt 0:02:30]} 24. Qf2 {[%emt 0:00:30]} Bd3 {[%emt 0:01:30]} 25. Re5 {[%emt 0:06:30]} R8f7 {[%emt 0:06:30]} 26. h4 {[%emt 0:05:30]} Qb8 {[%emt 0:02:57]} 27. a4 {[%emt 0:17:30]} Qb2 {[%emt 0:02:07]} 28. Rae1 {[%emt 0:00:00]} Qa3 {[%emt 0:02:11]} 29. Re8 {[%emt 0:02:00]} Rf8 {[%emt 0:03:45]} 30. Qg3 {[%emt 0:02:30]} Rxe8 {[%emt 0:02:06]} 31. Rxe8 {[%emt 0:00:30]} Qb2 {[%emt 0:04:54]} 32. Qb8 {[%emt 0:04:30]} Qxb8 {[%emt 0:01:57]} 33. Rxb8 {[%emt 0:00:30]} Rf7 {[%emt 0:02:22]} 34. a5 {[%emt 0:00:30]} h5 {[%emt 0:00:38]} 35. Bg5 {[%emt 0:00:30]} Bc2 {[%emt 0:01:12]} 36. a6 {[%emt 0:00:30]} Ba4 {[%emt 0:00:24]} 37. Rb7 {[%emt 0:00:30]} Kg8 {[%emt 0:00:21]} 38. Be7 {[%emt 0:00:30]} Bb5 {[%emt 0:00:02]} 39. Rxa7 {[%emt 0:00:30]} Bxa6 {[%emt 0:00:05]} 40. Ra8+ {[%emt 0:00:00]} Kh7 {[%emt 0:00:00]} 41. Bd6 {[%emt 0:05:00]} Bb7 {[%emt 0:05:59]} 42. Re8 {[%emt 0:01:30]} Rd7 {[%emt 0:03:30]} 43. Be5 {[%emt 0:00:30]} Ba6 {[%emt 0:01:30]} 44. Ra8 {[%emt 0:03:30]} Bb7 {[%emt 0:00:30]} 45. Rf8 {[%emt 0:00:00]} Re7 {[%emt 0:05:39]} 46. Rf5 {[%emt 0:02:00]} Kh6 {[%emt 0:06:32]} 47. Bf4+ {[%emt 0:00:30]} Kg6 {[%emt 0:00:02]} 48. Rg5+ {[%emt 0:00:00]} Kf7 {[%emt 0:00:05]} 49. Rxh5 {[%emt 0:00:00]} Re2 {[%emt 0:00:13]} 50. Rf5+ {[%emt 0:00:30]} Ke6 {[%emt 0:00:58]} 51. Rg5 {[%emt 0:00:30]} 1-0

[Event "Peace Tournament 2019"]
[Site "Zagreb"]
[Date "2019.11.19"]
[Round "1.3"]
[White "Dreev, Aleksey"]
[Black "Ragger, Markus"]
[Result "1/2-1/2"]
[WhiteElo "2671"]
[BlackElo "2669"]
[Annotator "TA"]
[PlyCount "31"]
[EventDate "2019.11.18"]
[EventCountry "CRO"]
[SourceTitle "playchess.com"]
[Source "ChessBase"]
[SourceQuality "1"]

{[%evp 17,31,0,0,0,0,0,0,0,0,0,0,0,6,4,5,0]} 1. d4 Nf6 2. Nf3 g6 3. g3 Bg7 4. Bg2 d5 5. O-O O-O 6. c4 c6 7. Qb3 Qb6 8. Nc3 {[%cal Bb1c3,Bc3a4,Ba4c5][%mdl 32]} Bf5 9. Ne5 Be6 {The position is equal.} 10. Qd1 {D78: Fianchetto Grünfeld: 6 0-0 c6} dxc4 11. Na4 $1 {[%cal Ra4b6]} Qd8 12. Nc5 Bc8 (12... Qc8 13. Qc2 Bh3 14. Qxc4 Bxg2 15. Kxg2 Nbd7 16. Ncd3 Nxe5 17. dxe5 Nd5 {1-0 (36) Nakamura,H (2787)-Kramnik,V (2800) Moscow 2018}) 13. Nxc4 b6 14. Nb3 a5 15. a4 $146 ({Predecessor:} 15. e3 Ba6 16. Qc2 Nbd7 17. Rd1 Rc8 {½-½ (34) Loeschnauer,R (2494)-Krivic,D (2511) ICCF email 2015}) 15... Be6 16. Ne5 1/2-1/2

[Event "Peace Tournament 2019"]
[Site "Zagreb"]
[Date "2019.11.19"]
[Round "1.4"]
[White "Ivanchuk, Vassily"]
[Black "Bacrot, Etienne"]
[Result "1/2-1/2"]
[WhiteElo "2679"]
[BlackElo "2669"]
[Annotator "TA"]
[PlyCount "49"]
[EventDate "2019.11.18"]
[EventCountry "CRO"]
[SourceTitle "playchess.com"]
[Source "ChessBase"]
[SourceQuality "1"]

{[%evp 9,49,3,10,12,23,-1,-2,-23,-22,-22,-16,-29,-12,-29,-34,-29,-26,-29,-20,-31,0,-20,0,0,0,0,0,0,0,4,17,6,0,0,16,11,16,18,17,10,12,0]} 1. d4 d5 2. c4 e6 3. Nc3 Be7 4. Qc2 (4. cxd5 exd5 5. Bf4 c6 6. e3 Bf5 7. Nge2 Nd7 8. Ng3 Bg6 9. Nh5 Bxh5 10. Qxh5 Ngf6 11. Qd1 Nf8 12. Bd3 Bd6 13. Bg5 Ne6 14. Bh4 g5 15. Bg3 h5 16. Qc2 h4 17. Bxd6 Qxd6 {0-1 (60) Ivanchuk,V (2726)-Bacrot,E (2725) Riadh 2017}) 4... Nf6 5. cxd5 Nxd5 6. Nf3 {D31: Queen's Gambit Declined: Semi-Slav without ...Nf6 (+ Marshall Gambit and Noteboom) and Exchange Variation lines without ...Nf6} O-O 7. g3 Nc6 8. Bg2 Ndb4 9. Qb3 Nxd4 10. Nxd4 Qxd4 11. Be3 Qe5 12. a3 $146 ({Predecessor:} 12. Rd1 c6 13. Bf4 Qa5 {0-1 (43) Kortschnoj,V (2625)-Beliavsky,A (2690) Frankfurt 1998}) 12... Na6 13. O-O c6 14. Rfd1 Qf5 15. Ne4 {The position is equal.} e5 16. Nd6 Bxd6 $1 17. Rxd6 Nc7 18. Rad1 Nb5 19. R6d3 a5 20. Rd8 {[#] Bc5 is the strong threat.} Be6 21. Rxf8+ Rxf8 22. Qa4 Nd4 23. Bxd4 exd4 24. Qxd4 Qc2 25. Rd2 {Accuracy: White = 51%, Black = 71%.} 1/2-1/2

[Event "Peace Tournament 2019"]
[Site "Zagreb"]
[Date "2019.11.19"]
[Round "1.5"]
[White "Melkumyan, Hrant"]
[Black "Cheparinov, Ivan"]
[Result "1/2-1/2"]
[WhiteElo "2661"]
[BlackElo "2679"]
[Annotator "TA"]
[PlyCount "82"]
[EventDate "2019.11.18"]
[EventCountry "CRO"]
[SourceTitle "playchess.com"]
[Source "ChessBase"]
[SourceQuality "1"]

{[%evp 25,82,26,16,0,16,5,10,0,21,18,19,16,10,19,20,31,24,30,14,9,39,36,43,23,34,24,27,27,56,56,58,43,73,73,76,27,28,21,27,17,17,32,28,14,29,0,15,0,4,0,0,0,1,0,0,0,0,0,0]} 1. d4 Nf6 2. c4 g6 3. Nc3 d5 4. Nf3 Bg7 5. Bg5 Ne4 6. Bf4 Nxc3 7. bxc3 c5 8. e3 O-O 9. cxd5 Qxd5 10. Be2 cxd4 11. cxd4 Qa5+ 12. Qd2 Qxd2+ 13. Kxd2 Nc6 14. Rhb1 {D80: Grünfeld: Unusual White 4th moves and 4 Bg5} (14. Rhc1 Rd8 15. Bd3 e5 16. Nxe5 Bxe5 17. Bxe5 Nxe5 18. dxe5 Bf5 19. Rc3 Rd5 20. Ke2 Bxd3+ 21. Rxd3 Rxe5 {½-½ (33) Wang,Y (2690)-Li,C (2732) China 2018}) 14... Rd8 15. Ke1 $146 ({Predecessor:} 15. Bd3 e5 16. Bxe5 Bxe5 17. Nxe5 Nxe5 18. dxe5 Bf5 19. Rb3 Rd5 20. Ke2 Bxd3+ 21. Rxd3 Rxe5 {½-½ (32) Lamawansa,Y (2012)-Kavinda,A (1986) Colombo 2016}) 15... b6 16. a4 Na5 17. Nd2 Bb7 18. g4 Rac8 19. Rc1 f6 20. Bc7 Rd7 21. Bg3 Rdd8 22. Rab1 Kf8 23. h4 e5 24. Rxc8 Rxc8 25. dxe5 fxe5 26. Nf3 Be4 27. Rb4 $1 {[%cal Rb4e4]} Bxf3 28. Bxf3 Rc4 29. Rxc4 Nxc4 $16 {[%mdl 4096] Endgame KBB-KBN} 30. Bd5 Nb2 31. Bb3 Nd3+ $1 32. Kd2 Nc5 33. Bc2 Ke7 34. g5 Ke6 35. Kc3 a6 {The position is equal.} 36. e4 h6 37. f3 hxg5 38. hxg5 Bf8 39. Bf2 b5 40. axb5 axb5 41. Bxc5 Bxc5 {Accuracy: White = 67%, Black = 67%.} 1/2-1/2

[Event "Peace Tournament 2019"]
[Site "Zagreb"]
[Date "2019.11.19"]
[Round "1.6"]
[White "Stevic, Hrvoje"]
[Black "Palac, Mladen"]
[Result "1/2-1/2"]
[WhiteElo "2563"]
[BlackElo "2550"]
[Annotator "ChessBase"]
[PlyCount "40"]
[EventDate "2019.11.18"]
[EventCountry "CRO"]
[SourceTitle "playchess.com"]
[Source "ChessBase"]
[SourceQuality "1"]
[TimeControl "40/5400+30:1800+30"]

1. e4 {[%emt 0:00:30]} e5 {[%emt 0:00:30]} 2. Nf3 {[%emt 0:00:00]} Nc6 {[%emt 0:00:30]} 3. Bc4 {[%emt 0:01:00]} Bc5 {[%emt 0:00:30]} 4. O-O {[%emt 0:00:30]} Nf6 {[%emt 0:01:30]} 5. d3 {[%emt 0:01:30]} d6 {[%emt 0:04:30]} 6. c3 {[%emt 0:00:30]} O-O {[%emt 0:02:30]} 7. Re1 {[%emt 0:04:30]} a6 {[%emt 0:04:30]} 8. a4 {[%emt 0:02:30]} Ba7 {[%emt 0:00:30]} 9. h3 {[%emt 0:05:30]} h6 {[%emt 0:00:30]} 10. Nbd2 {[%emt 0:00:00]} Re8 {[%emt 0:00:00]} 11. Nf1 {[%emt 0:00:00]} Be6 {[%emt 0:00:00]} 12. Bxe6 {[%emt 0:00:30]} Rxe6 {[%emt 0:00:00]} 13. Be3 {[%emt 0:00:30]} Bxe3 {[%emt 0:00:00]} 14. Nxe3 {[%emt 0:00:00]} Ne7 {[%emt 0:00:30]} 15. Qb3 {[%emt 0:01:00]} b6 {[%emt 0:00:00]} 16. Rad1 {[%emt 0:00:30]} Ng6 {[%emt 0:00:00]} 17. g3 {[%emt 0:00:00]} Qd7 {[%emt 0:00:30]} 18. Nf5 {[%emt 0:01:00]} Ree8 {[%emt 0:00:30]} 19. Kh2 {[%emt 0:00:30]} Rad8 {[%emt 0:00:00]} 20. c4 {[%emt 0:01:30]} a5 {[%emt 0:00:00]} 1/2-1/2

[Event "Peace Tournament 2019"]
[Site "Zagreb"]
[Date "2019.11.20"]
[Round "2.1"]
[White "Bosiocic, Marin"]
[Black "Palac, Mladen"]
[Result "1/2-1/2"]
[WhiteElo "2598"]
[BlackElo "2550"]
[Annotator "TA"]
[PlyCount "81"]
[EventDate "2019.11.19"]
[EventType "tourn"]
[EventCountry "CRO"]
[SourceTitle "playchess.com"]
[Source "ChessBase"]
[SourceQuality "1"]

{[%evp 9,81,0,9,7,6,12,13,14,13,0,12,10,60,56,43,0,21,21,20,31,25,22,21,11,19,-1,-8,-19,-12,-16,-14,-16,7,0,0,0,0,0,0,0,0,0,0,0,2,0,0,0,0,0,12,20,31,0,0,0,0,0,18,0,0,0,0,0,0,0,0,0,0,0,0,0,0,0]} 1. c4 e5 2. Nc3 Bb4 3. Nd5 Be7 4. d4 d6 5. e4 Nf6 6. Nxe7 {A21: English Opening: 1...e5 2 Nc3} Qxe7 7. f3 $1 exd4 8. Qxd4 Nc6 9. Qc3 O-O 10. Ne2 Nd7 11. Nf4 $1 Nb6 12. Bd3 $146 ({Predecessor:} 12. Be3 Bd7 13. Be2 Rae8 {1-0 (38) Grandelius,N (2642)-Hector,J (2497) Stockholm 2017}) 12... f5 13. O-O Na4 14. Qa3 {[#] Nd5 is the strong threat.} Nc5 {[%cal Rf5e4]} 15. Be3 {Black should prevent Nd5.} Nxd3 16. Qxd3 fxe4 17. Qd5+ Rf7 18. fxe4 Bd7 19. Rae1 Re8 20. b3 b6 21. Qd2 Be6 22. Qf2 Ref8 23. Qg3 Rf6 24. Rf2 Ne5 25. h3 c6 26. Ref1 Bc8 27. Qh4 R8f7 28. Qh5 Bb7 29. Qd1 c5 30. Nd5 Bxd5 $1 31. Qxd5 {[#] And now Rxf6 would win.} Rxf2 $1 {The position is equal.} 32. Rxf2 h6 $1 33. Rf5 Kh7 34. Bf4 g6 35. Rxf7+ Nxf7 36. Bd2 Ng5 37. Bxg5 hxg5 38. g3 Qf6 39. Kg2 Kh6 40. Qd2 Kg7 41. Qe2 {Accuracy: White = 78%, Black = 72%.} 1/2-1/2

[Event "Peace Tournament 2019"]
[Site "Zagreb"]
[Date "2019.11.20"]
[Round "2.2"]
[White "Cheparinov, Ivan"]
[Black "Stevic, Hrvoje"]
[Result "1-0"]
[WhiteElo "2679"]
[BlackElo "2563"]
[Annotator "TA"]
[PlyCount "45"]
[EventDate "2019.11.19"]
[EventType "tourn"]
[EventCountry "CRO"]
[SourceTitle "playchess.com"]
[Source "ChessBase"]
[SourceQuality "1"]

{[%evp 11,45,26,33,14,16,0,5,0,0,0,0,0,0,0,0,0,0,0,41,29,53,37,42,21,20,21,243,239,343,335,335,343,359,349,352,339]} 1. d4 d5 2. Nf3 Nf6 3. c4 dxc4 4. e3 e6 5. Bxc4 c5 6. O-O a6 7. Re1 {D27: Queen's Gambit Accepted: Classical main line: 7 e4!? and 7 a4} (7. b3 b6 8. dxc5 Qxd1 9. Rxd1 Bxc5 10. Bb2 Nbd7 11. Nbd2 Bb7 12. Be2 O-O 13. Nc4 Rfd8 14. Ne1 Bd5 15. Rac1 Rac8 16. Nd3 Be7 17. Nce5 Bb7 18. Nc4 Bd5 19. Nd2 Bb7 20. Kf1 h6 21. Bf3 {1-0 (51) Carlsen,M (2835)-Mamedyarov,S (2817) Wijk aan Zee 2019}) 7... Be7 $146 ({Predecessor:} 7... Nc6 8. Nc3 b5 9. Bd3 Bb7 10. a4 b4 11. Ne4 Nxe4 12. Bxe4 Qb6 13. a5 Qc7 14. Bd2 Nxa5 15. Bxb7 Nxb7 {½-½ (72) Kozul,Z (2583)-Mista,A (2537) Plovdiv 2008}) 8. e4 b5 9. Bf1 {The position is equal.} Bb7 10. e5 Nd5 11. dxc5 Nd7 12. c6 Bxc6 13. Nd4 Bb7 14. Qg4 Qb6 {aiming for ...Bc5.} 15. Nc3 $36 {[%mdl 2048] White has good play.} Bc5 16. Nxd5 ({Don't blunder} 16. Qxg7 $2 O-O-O $19) 16... Bxd5 17. Be3 {Black must now prevent b4.} O-O $1 {[#]} 18. b4 $1 {[%mdl 512]} Bxb4 $2 {[#]} (18... Bxd4 $1 $11 {and Black has nothing to worry.} 19. Bxd4 Qb7) 19. Nb3 $1 $18 Bxe1 (19... Nxe5 {was called for.} 20. Qxb4 (20. Bxb6 $2 {is the wrong capture.} Nxg4 21. Rec1 Ba3 $19) 20... Qc7) 20. Bxb6 Bc3 21. Rc1 Bb2 22. Rc2 Bxe5 23. Bd4 {Accuracy: White = 76%, Black = 49%.} 1-0

[Event "Peace Tournament 2019"]
[Site "Zagreb"]
[Date "2019.11.20"]
[Round "2.3"]
[White "Bacrot, Etienne"]
[Black "Melkumyan, Hrant"]
[Result "1/2-1/2"]
[WhiteElo "2669"]
[BlackElo "2661"]
[Annotator "TA"]
[PlyCount "61"]
[EventDate "2019.11.19"]
[EventType "tourn"]
[EventCountry "CRO"]
[SourceTitle "playchess.com"]
[Source "ChessBase"]
[SourceQuality "1"]

{[%evp 18,61,0,-4,13,0,18,0,-2,0,13,13,0,14,9,9,17,0,16,23,11,22,52,9,7,4,10,11,10,0,0,0,0,0,4,0,0,0,0,3,4,1,15,0,0,0]} 1. e4 c5 2. Nf3 Nc6 3. d4 cxd4 4. Nxd4 Nf6 5. Nc3 e5 6. Nf5 d5 7. exd5 Bxf5 8. dxc6 bxc6 9. Qf3 Qd7 10. Bc4 e4 {B33: Sicilian: Pelikan and Sveshnikov Variations} (10... Bxc2 11. O-O Be7 12. Qe2 Bg6 13. Qxe5 O-O 14. Rd1 Qb7 15. Qg3 Rfd8 16. Rxd8+ Rxd8 17. Bb3 c5 18. h3 Bd6 19. Bf4 Nh5 20. Qh4 Be7 21. Bg5 Rd4 22. g4 Nf4 23. Nd5 Bxg5 24. Qxg5 Nxh3+ {0-1 (24) Zelcic,R (2547)-Saric,I (2607) Stari Mikanovci 2010}) 11. Qg3 Bg6 $1 12. O-O Bd6 13. Qh4 O-O (13... Qf5 {with more complications.} 14. Qg5 Qd7 15. Qh4) 14. Bf4 {next Rad1 is good for White.} Be7 15. Rad1 Qb7 16. Bb3 $146 ({Predecessor:} 16. Bc1 Nd5 17. Qh3 Rad8 18. Ne2 Bf6 19. Qb3 Qc7 20. Bxd5 cxd5 {½-½ (20) Nadanian,A (2445)-Shen,S (2303) Singapore 2008}) 16... Nd5 17. Bg5 {[%cal Rd1d5] [#] Hoping for Rxd5.} Bxg5 18. Qxg5 {[%cal Rc3d5]} Nxc3 19. bxc3 Qb5 20. Qxb5 (20. Qe3 {is more complex.} Qb7 21. Rd4 Rfd8 22. Rfd1 Qe7 23. h3) 20... cxb5 {The position is equal.} 21. Rd5 Rab8 22. h4 {[#] Threatens to win with h5.} h5 23. c4 bxc4 24. Bxc4 Rfc8 25. Bb3 e3 26. Rd7 exf2+ $1 27. Rxf2 {[%cal Rb3f7]} Rb4 $1 28. Rxa7 Rxh4 29. a4 Kh7 30. Bxf7 Bxf7 31. Rfxf7 {Accuracy: White = 60%, Black = 80%.} 1/2-1/2

[Event "Peace Tournament 2019"]
[Site "Zagreb"]
[Date "2019.11.20"]
[Round "2.4"]
[White "Ragger, Markus"]
[Black "Ivanchuk, Vassily"]
[Result "1/2-1/2"]
[WhiteElo "2669"]
[BlackElo "2679"]
[Annotator "TA"]
[PlyCount "75"]
[EventDate "2019.11.19"]
[EventType "tourn"]
[EventCountry "CRO"]
[SourceTitle "playchess.com"]
[Source "ChessBase"]
[SourceQuality "1"]

{[%evp 13,75,25,41,2,9,6,9,10,11,0,0,-33,-25,-21,-21,-29,45,55,50,55,54,52,52,50,71,26,44,25,27,0,0,0,0,0,0,0,0,0,0,0,0,0,0,0,0,-80,-91,-94,-86,-88,-71,-114,-87,-104,-95,-71,0,0,0,0,0,0,0,0]} 1. e4 c5 2. Nf3 d6 3. d4 cxd4 4. Nxd4 Nf6 5. Nc3 a6 6. Be3 e6 7. Be2 Nc6 8. g4 {B90: Sicilian Najdorf: Unusual White 6th moves, 6 Be3 Ng4 and 6 Be3 e5} (8. f4 Be7 9. g4 d5 10. g5 Nxe4 11. Nxc6 bxc6 12. Nxe4 dxe4 13. Qxd8+ Bxd8 14. O-O-O Be7 15. Rd4 h6 16. h4 c5 {0-1 (40) Shirov,A (2658)-Alekseev,E (2645) Riga 2019}) 8... d5 9. exd5 Nxd5 10. Nxd5 Qxd5 11. Bf3 Qa5+ $1 12. Qd2 $146 ({Predecessor:} 12. c3 Bd7 13. Nxc6 Bxc6 14. Bxc6+ bxc6 15. Qf3 Rc8 {0-1 (58) Sarmiento Afonso,S (2183)-Vega Gutierrez,S (2327) Las Palmas 2012}) 12... Qxd2+ 13. Kxd2 Ne5 14. Be2 b6 (14... b5 $11) 15. f4 $36 {[%mdl 2048] White is more active.} Nd7 16. Bf3 Ra7 17. Rad1 Rc7 18. Rhe1 Bc5 19. Nf5 g6 20. Bxc5 Nxc5 21. Nd6+ Ke7 22. Kc1 Rd8 23. Nc4 Rxd1+ 24. Rxd1 b5 25. Ne5 Bb7 26. Bxb7 Nxb7 $11 {[%mdl 4096] Endgame KRN-KRN} 27. g5 Nc5 28. b3 f6 29. Ng4 (29. Nf3 $11) 29... fxg5 $17 30. fxg5 Ne4 31. h4 {[#]} Nc3 $1 {[%cal Rc3d1]} 32. Rd2 Nxa2+ 33. Kb2 Nc3 34. Nf6 {[#]} h5 (34... e5 $1 $17) 35. Ng8+ $1 $11 {The position is equal.} Kf7 36. Nf6 Ke7 37. Ng8+ $1 Kf7 38. Nf6 {Accuracy: White = 65%, Black = 71%.} 1/2-1/2

[Event "Peace Tournament 2019"]
[Site "Zagreb"]
[Date "2019.11.20"]
[Round "2.5"]
[White "Nisipeanu, Liviu-Dieter"]
[Black "Dreev, Aleksey"]
[Result "1/2-1/2"]
[WhiteElo "2656"]
[BlackElo "2671"]
[Annotator "TA"]
[PlyCount "29"]
[EventDate "2019.11.19"]
[EventType "tourn"]
[EventCountry "CRO"]
[SourceTitle "playchess.com"]
[Source "ChessBase"]
[SourceQuality "1"]

{[%evp 18,29,18,15,25,25,18,20,20,26,20,-18,-2,0]} 1. e4 c6 2. d4 d5 3. Nc3 dxe4 4. Nxe4 Bf5 5. Ng3 Bg6 6. h4 h6 7. Nf3 e6 8. Ne5 Bh7 9. Bd3 Bxd3 10. Qxd3 Nd7 {B19: Classical Caro-Kann: 4...Bf5 main line} 11. Bf4 Nxe5 12. Bxe5 Qa5+ 13. c3 Nf6 14. b4 Qd8 {[#]} 15. Rd1 $146 ({Predecessor:} 15. b5 cxb5 16. Bxf6 gxf6 17. Qxb5+ Qd7 18. a4 {0-1 (54) Jones,G (2691)-Eljanov,P (2680) chess.com INT 2019}) 1/2-1/2

[Event "Peace Tournament 2019"]
[Site "Zagreb"]
[Date "2019.11.20"]
[Round "2.6"]
[White "Kozul, Zdenko"]
[Black "Zelcic, Robert"]
[Result "1-0"]
[WhiteElo "2593"]
[BlackElo "2526"]
[Annotator "TA"]
[PlyCount "125"]
[EventDate "2019.11.19"]
[EventType "tourn"]
[EventCountry "CRO"]
[SourceTitle "playchess.com"]
[Source "ChessBase"]
[SourceQuality "1"]

{[%evp 25,125,145,152,20,12,18,15,9,31,33,26,2,9,7,0,-31,-29,-32,0,0,0,0,0,0,0,-6,12,12,12,12,12,12,23,22,15,0,47,60,72,66,109,108,114,115,114,107,111,111,168,158,160,160,658,658,654,647,632,596,589,567,449,420,621,601,580,512,612,575,1024,403,1024,835,1078,435,2693,1935,6298,6298,6015,5143,6087,5933,5785,5406,5202,5246,5206,979,4235,2686,4134,4086,29965,29964,29961,29967,29965,29966,29969,29970,29939,6284]} 1. d4 d5 2. c4 dxc4 3. e3 e5 4. Bxc4 exd4 5. exd4 Bd6 6. Nf3 Nf6 7. O-O O-O 8. Nc3 Bg4 9. h3 Bh5 10. g4 Bg6 11. Ne5 c5 12. Nxg6 hxg6 13. dxc5 Bxc5 {[#]} 14. Bf4 {D20: Queen's Gambit Accepted: 3 e3 and 3 e4} (14. Bxf7+ $1 $16 {[%mdl 512]} Kh7 (14... Rxf7 15. Qxd8+) 15. Qxd8 Rxd8 16. Bg5) (14. Bxf7+ Kxf7 15. Qb3+ Ke8 16. Re1+ Be7 17. g5 Ng8 18. Nd5 Rf5 19. Nf4 Rf7 20. Ne6 Qc8 21. Bf4 Nc6 {1-0 (42) Leniart,A (2479)-Simacek,P (2485) Poland 2017}) 14... Nc6 $146 ({Predecessor:} 14... Qxd1 15. Raxd1 Nc6 16. g5 Nh5 17. Bh2 Rad8 18. Kg2 Rd4 19. Rxd4 Nxd4 20. Ne4 Be7 21. Rd1 Rd8 {1-0 (56) Demidov,M (2360)-Larmuseau,M (2160) Kemer 2009}) 15. Qxd8 Raxd8 16. Rad1 {The position is equal.} Bd4 17. Rfe1 a6 18. a4 Rfe8 {aiming for ...Bxc3.} 19. Rxe8+ (19. Bb3 {is interesting.} Rxe1+ 20. Rxe1 Na5 21. Ba2 Nc6 22. Kg2) 19... Rxe8 20. Bc1 (20. Bd2 {with more complications.} Nd7 21. Bd5 Nc5 22. Kf1 Re7 23. Kg2) 20... Bxc3 21. bxc3 Ne5 (21... Ne4 $5 {[%cal Re4c3]} 22. Be3 Na5 $11) 22. Bf1 Ne4 23. Kg2 Nc5 ({Not} 23... Nxc3 $2 24. Re1 $18) 24. Re1 {Hoping for f4.} Re6 25. f4 Ned7 (25... Nc6 {is more complex.} 26. Rxe6 fxe6 27. c4 Nxa4 28. Kf2 Kf7) 26. Rxe6 Nxe6 {[%mdl 4096] Endgame KBB-KNN} 27. a5 Nb8 $1 28. Kf3 Nc6 29. Ke4 Nxa5 30. Be3 Nc6 31. Kd5 $1 Kf8 32. Kd6 Ne7 33. Bc4 Ke8 {intending ...Nc8+.} 34. Bxe6 fxe6 35. Kxe6 $16 {KB-KN} Nc6 36. Kd6 a5 (36... Na5 $16 37. Kd5 Kf7) 37. Kc5 $18 a4 38. Bc1 Ne7 $2 (38... g5 $16) 39. c4 Nc6 40. Bb2 Nd8 41. Kb4 Ne6 42. Bc1 Kd7 43. Kxa4 Kc6 (43... Nc5+ $142 44. Kb5 Nd3) 44. Kb4 Nd4 45. Bb2 Ne2 46. Be5 Ng1 47. Bd4 (47. h4 $142 Nf3 48. h5 gxh5 49. gxh5) 47... Nxh3 (47... Ne2 $142) 48. Be3 g5 49. f5 (49. fxg5 $142 Kc7 50. g6) 49... Kd7 (49... Kd6 $142 50. Kc3 Ke5 51. Bd4+ Kd6) 50. Kc5 Kc7 51. Kd5 Kd7 52. Ke4 Kd6 53. Bd4 Ke7 54. Bxg7 Nf2+ 55. Kf3 Nd3 56. Ke3 (56. Bc3 $142 Kf7 57. Bd4) 56... Nc5 57. Bd4 Nd7 58. Ke4 Kd6 {[#]} 59. c5+ $1 {[%mdl 512] White mates.} Ke7 (59... Nxc5+ 60. Bxc5+) 60. Kd5 Nb8 61. Be3 Kf6 62. Kd6 Na6 63. Bd2 {Accuracy: White = 71%, Black = 39%.} 1-0